000 00832nam a2200289 a 4500
001 000114937
003 CHAP
005 20220329144504.0
008 180814s2017 mx a |r| |||||||spa d
010 _a111398
011 _a112370
020 _a9786071204769
040 _cCHAP
090 _aFolleto 7332
245 0 0 _aPropagación de chirimoya /
_cpor Irma Reyna Flores Peralta ....[et al.].
260 _aChapingo, Méx. :
_bUACH.,
_c2017.
300 _a42 p. :
_bil.
590 _aE5765TAJ
_b05
_c20180814
_lUCH01
_h0954
650 1 4 _aChirimoya
_xCultivo.
_9128573
650 1 4 _aChirimoya
_xFisiología y morfología.
_922612
650 1 4 _aChirimoya
_xFloración.
_922613
650 1 4 _aChirimoya
_xPropagación.
_9135340
700 0 _aFlores Peralta, Irma Reina.
_941679
901 _aBK
942 _cFOLL
942 _n0
999 _c111398
_d111398